LEADER 02129nam0 22003853i 450 001 NAP0968812 005 20251003044303.0 010 $a9813035757 100 $a20231129d1991 ||||0itac50 ba 101 | $aeng 102 $asg 181 1$6z01$ai $bxxxe 182 1$6z01$an 183 1$6z01$anc$2RDAcarrier 200 1 $aTrade in services between ASEAN and EC member states$ecase studies for West Germany, France, and the Netherlands$fRolf J. Langhammer 210 $aSingapore$cInstitute of southeast Asian studies$d1991 215 $a67 p.$d23 cm 225 | $aResearch notes and discussion papers$fInstitute of Southeast Asian studies$v73 410 0$1001UBO0331343$12001 $aResearch notes and discussion papers$fInstitute of Southeast Asian studies$v73$171201$aInstitute of southeast asian studies$b : ASEAN economic research unit$3NAPV211408$4070 606 $aCommercio internazionale$xPaesi della Comunita economica europea$2FIR$3LO1C898886$9I 676 $a382.4500094$9COMMERCIO INTERNAZIONALE. Prodotti delle industrie secondarie e dei servizi. Europa$v23 696 $aCommercio mondiale$aCommercio estero$aScambi internazionali$aCommercio con l'estero 699 $aCommercio internazionale$yCommercio mondiale 699 $aCommercio internazionale$yCommercio estero 699 $aCommercio internazionale$yScambi internazionali 699 $aCommercio internazionale$yCommercio con l'estero 700 1$aLanghammer$b, Rolf J.$3TO0V154976$4070$0299143 801 3$aIT$bIT-000000$c20231129 850 $aIT-BN0095 901 $bNAP 01$cPOZZO LIB.$nVi sono collocati fondi di economia, periodici di ingegneria e scienze, periodici di economia e statistica e altri fondi comprendenti documenti di economia pervenuti in dono. 912 $aNAP0968812 950 0$aBiblioteca Centralizzata di Ateneo$c1 op.$d 01POZZO LIB.ECON MON 10067$e 0101 0600125375E VMA 1 op. (Precedente collocazione DASES G 4123)$fB $h20231129$i20231129 977 $a 01 996 $aTrade in services between ASEAN and EC member states$93597244 997 $aUNISANNIO